| 000 | 00334nam a2200121Ia 4500 | ||
|---|---|---|---|
| 008 | 240731s9999 xx 000 0 und d | ||
| 022 | _a1937-3279 | ||
| 245 | 4 | _aThe IES Journal Part A: Civil & Structural Engineering | |
| 260 | _bTaylor & Francis | ||
| 856 | _uhttps://www.tandfonline.com/loi/tiea20 | ||
| 942 | _2ddc | ||
| 942 | _cTFEJ | ||
| 999 |
_c79927 _d79927 |
||
| 945 |
_a1 _bMadushi Gamage _c1 _dMadushi Gamage |
||